El Mundo social en la mente infantil
Kaydedildi:
| Asıl Yazarlar: | , |
|---|---|
| Diğer Yazarlar: | |
| Materyal Türü: | Kitap |
| Dil: | İspanyolca |
| Baskı/Yayın Bilgisi: |
Madrid
Alianza
1989
|
| Seri Bilgileri: | Alianza psicología, 25
|
| Konular: | |
| Etiketler: |
Etiketle
Etiket eklenmemiş, İlk siz ekleyin!
|
MARC
| LEADER | 00000nam a2200000 a 4500 | ||
|---|---|---|---|
| 001 | UCX1245 | ||
| 003 | CL-VaPUC | ||
| 008 | 900704e19890000SP |||||||||||||||||spa|d | ||
| 082 | 0 | 4 | |a 302 |b TUR |2 21 |
| 100 | 0 | |a Turiel, Elliot |e author |9 316671 | |
| 700 | |a Linaza, Josetxu |e autor |9 316672 | ||
| 700 | 0 | |a Enesco, Ileana |e author |9 316673 | |
| 245 | 1 | 3 | |a El Mundo social en la mente infantil |
| 300 | |a 435 p | ||
| 942 | |c BK | ||
| 945 | |d 19900704 00:00:00 | ||
| 260 | |a Madrid |b Alianza |c 1989 | ||
| 650 | 0 | |a Psicología social |9 222894 | |
| 650 | 7 | |a NIÑOS ASPECTOS SOCIALES |2 CL-VaPUC |9 309941 | |
| 583 | |a last modification |c 19900704 00:00:00 |k Rodrigo Vera | ||
| 490 | 0 | |a Alianza psicología, 25 | |
| 999 | |c 222518 |d 222516 | ||
| 952 | |0 0 |1 0 |4 0 |6 302_000000000000000_TUR_1989 |7 0 |8 A |9 217379 |a FDOPOS |b FDOPOS |d 2019-11-15 |i 2863367 |o 302 TUR 1989 |p 2863367 |r 2025-01-22 |w 2019-11-15 |y BK |k MLA | ||